Statistics for Guess the Footballers by their Teams #21

Click here to take the quiz!

General Stats

  • This quiz has been taken 96 times
  • The average score is 6 of 10

Answer Stats

HintAnswer% Correct
1983-1997. Auxerre, Martigues (loan), Marseille, Bordeaux (loan), Montpellier (loan), Nimes, Leeds United (loan), Leeds United, Manchester United, France.Eric Cantona
95%
2011-. Teleoptik, Partizan, Anderlecht, Newcastle United, Fulham (loan), Fulham, Serbia.Aleksandar Mitrovic
79%
2017-. Santos, Real Madrid B, Real Madrid, Brazil.Rodrygo
79%
2004-. Vitoria, Kawasaki Frontale (loan), Kawasaki Frontale, Consadole Sapporo (loan), Tokyo Verdy (loan), Tokyo Verdy, Porto, Zenit Saint Petersburg, Shanghai SIPG, Atletico Mineiro, Brazil.Hulk
72%
2011-. Milton Keynes Dons, Tottenham Hotspur, Milton Keynes Dons (loan), Everton, England.Dele Alli
67%
1991-2014. Ajax, Milan, Juventus, Barcelona (loan), Internazionale, Tottenham Hotspur, Ajax, Crystal Palace, Barnet, Netherlands.Edgar Davids
58%
2012-. Vitoria Guimaraes, Vitoria Guimaraes B, Porto B, Porto, Nice (loan), Leicester City, Portugal.Ricardo Pereira
55%
2005-2017. Anderlecht, Roda JC (loan), Twente, Newcastle United, Beijing Enterprises Group, Ivory Coast.Cheick Tiote
33%
1999-2018. Bolton Wanderers, Newcastle United, West Ham United, Leyton Orient, Notts County, England.Kevin Nolan
32%
1990-2014. Messina, Tor di Quinto, MArsala, Trapani, Perugia, Carpi (loan), Everton, Perugia, Inter Milan, Chennaiyin, Italy.Marco Materrazzi
25%

Score Distribution

Percentile by Number Answered

Percent of People with Each Score

Your Score History

You have not taken this quiz